000
00324nam a2200109Ia 4500
008
151015s9999 xx 000 0 und d
245
_a
Bennun Leon
250
_a
_Important Bird Areas in Kenya Leon Bennun
300
_a
Nairobi Birdlife international
650
_a
_Birds area in kenya
700
_a
^d20110505 10:12:22^okorir
999
_c
1870
_d
1870